| 000 | 00642nam a2200169 a 4500 | ||
|---|---|---|---|
| 008 | 120717s1986 ||||||||||||||||| || u | ||
| 020 | _a0862322693 | ||
| 050 | _aK 104 San | ||
| 100 | _aSanger, Clyde | ||
| 245 | 1 | 0 |
_aOrdering the oceans: the making of the law of the sea _cClyde Sanger |
| 260 |
_aLondon _bZed Books _c1986 |
||
| 300 | _axii, 225p.: ill. | ||
| 500 | _aBibliography | ||
| 650 | _aUNITED NATIONS CONVENTION ON THE LAW OF THE SEA (1982) | ||
| 650 | _aLAW OF THE SEA--HISTORY | ||
| 995 |
_aSPECIAL COLLECTIONS _e500002 _FCBU-DAG HAMMARSKJOLD INSTITUTE LIBRARY _jDAG K 104 San _M1 _UAVAILABLE _WAug 22, 2012 _y500002 _ZDHIPS Book Collection |
||
| 999 |
_c400 _d400 |
||